000 00763nab a22002417a 4500
001 08651
003 HDC
007 cr bn ---aaaaa
008 210128c20150915my ||||| |||| 00| 0 may d
040 _aHDC
100 _aFadzil Zainol,
_eauthor
_98154
245 0 _aMAB:
_bProspek Brahim's mencabar /
_cFadzil Zainol
336 _atext
_2rdacontent
337 _acomputer
_2rdamedia
338 _aonline resource
_2rdacarrier
650 _aBusiness losses
_99141
650 _aBusiness names
_9418
710 _aUtusan Malaysia
856 _zRequest full-text at [email protected]
942 _2lcc
942 _cNEWS
942 _kNWSC 002168
999 _c5974
_d5974